<?xml version="1.0" encoding="UTF-8"?>
<record
    xmlns:xsi="http://www.w3.org/2001/XMLSchema-instance"
    xsi:schemaLocation="http://www.loc.gov/MARC21/slim http://www.loc.gov/standards/marcxml/schema/MARC21slim.xsd"
    xmlns="http://www.loc.gov/MARC21/slim">

  <leader>00654nam a22001937a 4500</leader>
  <controlfield tag="005">20240131114836.0</controlfield>
  <datafield tag="010" ind1=" " ind2=" ">
    <subfield code="a">ENG- 139097   ENG- 139098</subfield>
  </datafield>
  <datafield tag="020" ind1=" " ind2=" ">
    <subfield code="a">9789395116299 (set of 2)</subfield>
    <subfield code="c">3995.00</subfield>
  </datafield>
  <datafield tag="035" ind1=" " ind2=" ">
    <subfield code="a">EN-122629  EN- 122630</subfield>
  </datafield>
  <datafield tag="037" ind1=" " ind2=" ">
    <subfield code="b">DBAD/PUB</subfield>
  </datafield>
  <datafield tag="082" ind1=" " ind2=" ">
    <subfield code="a">346.54066</subfield>
    <subfield code="2">5</subfield>
  </datafield>
  <datafield tag="100" ind1=" " ind2=" ">
    <subfield code="a">Chandratre, KR</subfield>
    <subfield code="9">61479</subfield>
  </datafield>
  <datafield tag="245" ind1=" " ind2=" ">
    <subfield code="a">Company Secretarial: </subfield>
    <subfield code="b">Practice Manual/</subfield>
    <subfield code="c">By KR chandratre</subfield>
  </datafield>
  <datafield tag="260" ind1=" " ind2=" ">
    <subfield code="a">Gurgaon</subfield>
    <subfield code="b">Lexis Nexis</subfield>
    <subfield code="c">2023</subfield>
  </datafield>
  <datafield tag="270" ind1=" " ind2=" ">
    <subfield code="a">14th floor, Building No 10, Tower-B, DLF Cyber City, Phase-ll, </subfield>
    <subfield code="b">Gurgaon</subfield>
    <subfield code="e">122002</subfield>
  </datafield>
  <datafield tag="300" ind1=" " ind2=" ">
    <subfield code="a">xv, 2454p  </subfield>
    <subfield code="c">24cm(pbk)</subfield>
  </datafield>
  <datafield tag="490" ind1=" " ind2=" ">
    <subfield code="v">vol 1, vol 2</subfield>
  </datafield>
  <datafield tag="942" ind1=" " ind2=" ">
    <subfield code="2">ddc</subfield>
    <subfield code="c">EN</subfield>
    <subfield code="m">CHA</subfield>
    <subfield code="h">346.54066</subfield>
    <subfield code="e">5</subfield>
  </datafield>
  <datafield tag="999" ind1=" " ind2=" ">
    <subfield code="c">200461</subfield>
    <subfield code="d">200461</subfield>
  </datafield>
  <datafield tag="952" ind1=" " ind2=" ">
    <subfield code="0">0</subfield>
    <subfield code="1">0</subfield>
    <subfield code="3">vol 1</subfield>
    <subfield code="4">0</subfield>
    <subfield code="7">1</subfield>
    <subfield code="8">REF</subfield>
    <subfield code="a">ZLS</subfield>
    <subfield code="b">ZLS</subfield>
    <subfield code="d">2024-01-31</subfield>
    <subfield code="e">DBAD/PUB</subfield>
    <subfield code="g">1997.50</subfield>
    <subfield code="l">0</subfield>
    <subfield code="o">CHA 346.54066</subfield>
    <subfield code="p">EN-122629</subfield>
    <subfield code="r">2024-01-31 00:00:00</subfield>
    <subfield code="t">1</subfield>
    <subfield code="v">1997.50</subfield>
    <subfield code="w">2024-01-31</subfield>
    <subfield code="y">EN</subfield>
  </datafield>
  <datafield tag="952" ind1=" " ind2=" ">
    <subfield code="0">0</subfield>
    <subfield code="1">0</subfield>
    <subfield code="3">vol 2</subfield>
    <subfield code="4">0</subfield>
    <subfield code="7">1</subfield>
    <subfield code="8">REF</subfield>
    <subfield code="a">ZLS</subfield>
    <subfield code="b">ZLS</subfield>
    <subfield code="d">2024-01-31</subfield>
    <subfield code="e">DBAD/PUB</subfield>
    <subfield code="g">1997.50</subfield>
    <subfield code="l">0</subfield>
    <subfield code="o">CHA 346.54066</subfield>
    <subfield code="p">EN-122630</subfield>
    <subfield code="r">2024-01-31 00:00:00</subfield>
    <subfield code="t">1</subfield>
    <subfield code="v">1997.50</subfield>
    <subfield code="w">2024-01-31</subfield>
    <subfield code="y">EN</subfield>
  </datafield>
</record>
